TOP 25 najlepszych bramkarzy (liczba czystych kont w lidze mistrzów) - Statystyki

Ogólne statystyki
  • Ten quiz został rozwiązany 50 razy
  • Średni wynik to 14 z 25
Statystyki odpowiedzi
TOP 25 Odpowiedź Liczba czystych kont % Poprawnych
3. Gianluigi Buffon 53 ( w 124 meczach)
93%
1. Iker Casillas 59 ( w 177 meczach)
93%
2. Manuel Neuer 54 ( w 131 meczach)
91%
18. Wojciech Szczęsny 24 ( w 68 meczach)
89%
4. Edwin van der Sar 51 ( w 98 meczach)
80%
14. Thibaut Courtois 27 ( w 72 meczach)
80%
10. Marc-Andre ter Stegen 30 ( w 76 meczach)
78%
5. Petr Cech 49 ( w 111 meczach)
78%
11. Ederson 29 ( w 67 meczach)
74%
6. Victor Valdes 45 ( w 106 meczach)
74%
17. Alisson Becker 24 ( w 58 meczach)
70%
9. Jan Oblak 33 ( w 74 meczach)
65%
8. Oliver Kahn 34 ( w 103 meczach)
61%
7. Dida 35 ( w 72 meczach)
57%
22. Jerzy Dudek 21 ( w 47 meczach)
54%
25. Hugo Lloris 20 ( w 70 meczach)
52%
20. Keylor Navas 22 ( w 63 meczach)
52%
21. Julio Cesar 22 ( w 64 meczach)
43%
19. Jens Lehmann 23 ( w 67 meczach)
39%
15. Pepe Reina 25 ( w 76 meczach)
30%
16. Fabien Barthez 24 ( w 57 meczach)
28%
13. Santiago Canizares 28 ( w 65 meczach)
26%
24. Gregory Coupet 20 ( w 61 meczach)
15%
12. Vitor Baia 28 ( w 64 meczach)
11%
23. Sebastiano Rossi 20 ( w 35 meczach)
4%
Nie znaleziono quizów pasujących do podanych kryteriów
Rozkład punktacji
Procent ludzi z każdym wynikiem
Percentyl według liczby udzielonych odpowiedzi
Twoja historia wyników
Nie rozwiązałeś tego quizu